Statistics for Countries Bordering Poland by Population

Click here to take the quiz!

General Stats

  • This quiz has been taken 149 times
  • The average score is 6 of 7

Answer Stats

PopulationBorder Length (km)Country% Correct
82.800.000467Germany
99%
146.838.993210Russia (Kaliningrad)
98%
10.572.427796Czech Republic
91%
42.603.854535Ukraine
90%
2.849.317104Lithuania
89%
5.434.292541Slovakia
87%
9.505.200418Belarus
84%

Score Distribution

Percentile by Number Answered

Percent of People with Each Score

Your Score History

You have not taken this quiz